PRINCIPAL OF BIOCHEMISTRY AND BIOPHYSICS (Record no. 23845)

MARC details
000 -LEADER
fixed length control field 00408nam a22001697a 4500
003 - CONTROL NUMBER IDENTIFIER
control field SGT
020 ## - INTERNATIONAL STANDARD BOOK NUMBER
International Standard Book Number 9788131803226
082 ## - DEWEY DECIMAL CLASSIFICATION NUMBER
Classification number 612.015
Item number B08C
100 ## - MAIN ENTRY--PERSONAL NAME
Personal name B.S. CHAUHAN
245 ## - TITLE STATEMENT
Title PRINCIPAL OF BIOCHEMISTRY AND BIOPHYSICS
250 ## - EDITION STATEMENT
Edition statement 1ST
260 ## - PUBLICATION, DISTRIBUTION, ETC. (IMPRINT)
Place of publication, distribution, etc NEW DELHI
Name of publisher, distributor, etc UNIVERSITY PRESS
Year of Publication 2008
300 ## - PAGE DESCRIPTION
No. of Pages 829
650 ## - SUBJECT ADDED ENTRY--TOPICAL TERM
Topical term or geographic name as entry element BIOCHEMISTRY AND BIOPHYSICS
653 ## - KEYWORDS--INDEX TERM
Keyword term BIOCHEMISTRY
942 ## - ADDED ENTRY ELEMENTS (KOHA)
Source of classification or shelving scheme Dewey Decimal Classification
Koha item type Books
Holdings
Withdrawn status Lost status Source of classification or shelving scheme Damaged status Use restrictions Not for loan Collection code Home library Current library Shelving location Date acquired Vendor Name Cost, normal purchase price SGTU Full call number Accession No. (Barcode) Date last seen Bill Date Koha item type
    Dewey Decimal Classification   Restricted Access   PHARMACY SGT FA-FP Library SGT FA-FP Library Reference Book 01/04/2023 GIFTED 450.00 SGTU 612.015 B08C FP4612G 01/04/2023 01/04/2023 Gifted Books